Agricultural finance by a commercial bank; (Record no. 89246)
[ view plain ]
| 000 -LEADER | |
|---|---|
| fixed length control field | 00764cam a2200241 4500 |
| 001 - CONTROL NUMBER | |
| control field | sa 68020106 |
| 003 - CONTROL NUMBER IDENTIFIER | |
| control field | DLC |
| 005 - DATE AND TIME OF LATEST TRANSACTION | |
| control field | 20260227112722.0 |
| 008 - FIXED-LENGTH DATA ELEMENTS--GENERAL INFORMATION | |
| fixed length control field | 730418s1970 ii s 00010 eng |
| 010 ## - LIBRARY OF CONGRESS CONTROL NUMBER | |
| LC control number | sa 68020106 //r91 |
| 025 ## - OVERSEAS ACQUISITION NUMBER | |
| Overseas acquisition number | PL480:I-F-E-408 |
| 040 ## - CATALOGING SOURCE | |
| Original cataloging agency | DLC |
| Transcribing agency | DLC |
| Modifying agency | DLC |
| 043 ## - GEOGRAPHIC AREA CODE | |
| Geographic area code | a-ii--- |
| 050 00 - LIBRARY OF CONGRESS CALL NUMBER | |
| Classification number | HD2951.5 |
| Item number | .S77 no. 8 |
| Classification number | HG2051.I5 |
| 082 00 - DEWEY DECIMAL CLASSIFICATION NUMBER | |
| Classification number | 334/.08 s |
| -- | 332.7/1/0954792 |
| 100 10 - MAIN ENTRY--PERSONAL NAME | |
| Personal name | Dinesh, C. |
| 245 10 - TITLE STATEMENT | |
| Title | Agricultural finance by a commercial bank; |
| Remainder of title | a pilot study |
| Statement of responsibility, etc. | [by C. Dinesh] |
| 260 0# - PUBLICATION, DISTRIBUTION, ETC. | |
| Place of publication, distribution, etc. | Poona, |
| Name of publisher, distributor, etc. | Vaikunth Mehta National Institute of Co-operative Managament, |
| Date of publication, distribution, etc. | 1970. |
| 300 ## - PHYSICAL DESCRIPTION | |
| Extent | v, 113 p. |
| Dimensions | 29 cm. |
| 350 ## - PRICE (NR) (BK AM CF MU VM SE) [OBSOLETE] | |
| Price | Rs4.00 |
| 440 #0 - SERIES STATEMENT/ADDED ENTRY--TITLE | |
| Title | Studies in co-operation, |
| Volume/sequential designation | no. 8 |
| 650 #0 - SUBJECT ADDED ENTRY--TOPICAL TERM | |
| Topical term or geographic name entry element | Agricultural credit |
| Geographic subdivision | India |
| -- | Pune (District) |
No items available.